[Event "Las Vegas National op (Women)"]
[Site "Las Vegas"]
[Date "2019.06.11"]
[Round "1"]
[White "Liu, Joanna"]
[Black "Zhang, Ellie"]
[Result "1-0"]
[WhiteElo "1954"]
[BlackElo "1404"]
[PlyCount "77"]
[EventDate "2019.06.11"]
[EventType "swiss"]
[EventRounds "9"]
[EventCountry "USA"]
[SourceTitle "EXT 2020"]
[Source "ChessBase"]
[SourceDate "2019.10.17"]
[SourceVersion "1"]
[SourceVersionDate "2019.10.17"]
[SourceQuality "1"]

1. d4 d5 2. c4 e6 3. Nc3 Nf6 4. cxd5 exd5 5. Bg5 Nbd7 6. e3 c6 7. Bd3 Bd6 8. Qc2 h6 9. Bh4 0-0 10. Nf3 Re8 11. 0-0-0 b5 12. Kb1 a5 13. Rdg1 Nb6 14. g4 g5 15. Bg3 b4 16. Nd1 a4 17. h4 b3 18. axb3 axb3 19. Qxb3 Bxg3 20. Rxg3 Ne4 21. Bxe4 dxe4 22. Ne5 Be6 23. Qc2 Qd5 24. Nc3 Qa5 25. Kc1 Bd5 26. hxg5 hxg5 27. Rgh3 Qa1+ 28. Kd2 Qa5 29. Rh5 Nc4+ 30. Nxc4 Bxc4 31. f4 f6 32. f5 Kf8 33. Rh8+ Ke7 34. Qxe4+ Kd6 35. Rxe8 Rxe8 36. Qxe8 Qb6 37. Qf8+ Kc7 38. Rh7+ Bf7 39. Rxf7# 1-0